000 01265cam a2200217 4500
001 ABS66324
008 030117n2002 000 0 eng u
035 _a(Sirsi) u121050
100 _aAmbrose, J.
245 _aLearning lessons from fires
260 _c2002
490 _aBuilding Control
_v(136) December 2002, 8-10(3)
520 _aLooks at the problem of arson in UK schools which damages more than 2 000 schools each year and costs £1m per week. Reports on a new publication for Zurich Municipal "The design and protection of new school buildings and sites" which aims to reduce this damage by improving school building and site design. The guide advises that schools be built from non-combustible materials and Loss Prevention Certification Board products should be used where high levels of insulation are required. Other recommendations include improved storage of waste, isolation of gas valves, upgraded boundary protection and the installation of sprinkler systems. Includes a checklist of considerations and details of other bodies which can offer advice.
590 _aABS
650 _aFIRES
650 _aSCHOOLS
650 _aARSON
650 _aBUILDING CONTROL
_96222
690 _aBUILT ENVIRONMENT-BUILDING STANDARDS
942 _n0
999 _c71932
_d71932